000 00697nam a2200229 a 4500
999 _c2775
_d2775
001 2775
003 BD-JhCC
005 20180304093444.0
008 171106s1978 bg |||| |||| 000 0 ben d
035 _a(BD-JhCC)2775
040 _aBD-JhCC
_dBD-JhCC
041 _aben
082 _a891.4409
_bCOL 1978
245 _aগোলাম রহমান রচনাবলী /
_cআতোয়ার রহমান [সম্পা.]
260 _aঢাকা :
_bবাংলা একেডেমী,
_c1978.
300 _a580 p :
_c21 cm.
650 _aComplied Work
650 _aBengali Literature
700 _aরহমান, আতোয়ার
942 _2ddc
_cBK